00682nam a2200241 a 4500001001300000003000900013005001700022008004100039020001000080082001600090100001500106245003900121260004800160300000900208500003500217505001000252650001600262700001500278902000800293942000700301952011700308999001500425nice12345678IN_TiNIC20260116012647.0050524s1974 dela grp 000 0 eng  ac10000a297.7bQUT2 aQutb, Syed aIslamb the Religion of the Future aDelhibMarkazi Maktaba Jamat-E-Islamic1974 a136p aincludes index and biblioraphy2 aIndex aDawah-Islam1 aQutb, Syed bSRS cBK 001040708StackRoom-aHMIbHMId2007-07-12g100.00l0o297.7 QUT2p010274r2007-07-12v100.00w2005-05-24yBK c7849d7849